Logo BPK

Biblioteka

Politechniki Koszalińskiej

Abc samochodowego silnika wysokoprężnego / (Rekord nr 17706)

Szczegóły MARC
000 -ETYKIETA REKORDU
podpole kontrolne o stałej długości 00355nam a2200145 i 4500
001 - NUMER KONTROLNY REKORDU
pole kontrolne bg
040 ## - ŹRÓDŁO KATALOGOWANIA
Instytucja, która utworzyła rekord BPK
041 ## - KOD JĘZYKA
Kod języka tekstu pol
008 - POLE O STAŁEJ DŁUGOŚCI - DANE KONTROLNE
podpole kontrolne o stałej długości s pl f |000 0 pol
100 1# - NAZWA OSOBOWA
Nazwa osobowa LEŚNIAK, Witold
245 #0 - TYTUŁ/ODPOWIEDZIALNOŚĆ
Tytuł Abc samochodowego silnika wysokoprężnego /
Pozostałe elementy strefy tytułu i oznaczenia odpowiedzialności Witold Leśniak.
250 ## - STREFA WYDANIA
Oznaczenie wydania Wyd.6 uzup.
260 ## - STREFA ADRESU WYDAWNICZEGO
Miejsce wydania Warszawa,
Data publikacji, dystrybucji/powstania dokumentu 1978.
856 ## - LOKALIZACJA I DOSTĘP DO ELEKTRONICZNYCH DOKUMENTÓW ZDALNYCH
Link (URL) http://koha.tu.koszalin.pl/cgi-bin/koha/opac-detail.pl?biblionumber=17706
Tekst linku Katalog online BPK
942 ## - DODATKOWE ELEMENTY (KOHA)
Typ dokumentu Książka
Egzemplarze
Wycofany Status egzemplarza Uszkodzony Dostępność Lokalizacja stała Lokalizacja bieżąca Miejsce przechowywania Sygnatura Kod kreskowy Typ dokumentu Ostatnio wypożyczono
      Dostępny Biblioteka Politechniki Koszalińskiej Biblioteka Politechniki Koszalińskiej Wypożyczalnia BG 23274 02056678 Książka  
      Dostępny Biblioteka Politechniki Koszalińskiej Biblioteka Politechniki Koszalińskiej Wypożyczalnia BG 23275 01144543 Książka 21.10.2015
© 2023 Biblioteka Politechniki Koszalińskiej :: KOHA